000 00646nam a22002297a 4500
005 20170124105929.0
010 _a521611
020 _c00
035 _a521611
037 _bCen Lib/Ret
040 _aDPL
_bEN
082 _a320.954
245 _aSecularism in india /
_cedited by V.K. Sinha
260 _aBombay
_bLalvani Publishing House
_c1968
270 _bBombay
_a210, dr. d. n. road
300 _axix, 212p.
_c21cm(Hb)
500 _aIncludes index
650 _aPolitical science
_97824
650 _aDemocracy & secularism
_zIndia
_97825
700 _aSinha, V.K.
_97805
942 _2ddc
_cEN
_h320.954
_mSEC
999 _c123723
_d123723